000 00950nam a2200205 i 4500
001 151782
003 ES-MaACL
005 20250831121549.0
008 931025s1835 sp |||| | spa d
100 1 _aBedoya, Juan Manuel.
_927006
245 1 0 _aRetrato histórico del Emmo. Excmo. e Ilmo. señor D. Pedro de Quevedo y Quintano, presbítero cardenal de la Santa Romana Iglesia, obispo de Orense :
_bcon un copioso apéndice de documentos /
_cpor el doctor Juan Manuel Bedoya.
260 _aMadrid :
_b[s.n.],
_c1835 (
_fImp. que fue de Fuentenebro)
300 _aXIV, 370 [i.e. 378] p. ;
_c21 cm.
530 _aDisponible en formato digital.
597 _aError de pág., repite las p. 155 a 162.
600 2 7 _aQuevedo Quintano, Pedro,
_d1736-1818-
_xBiografías
_2
_9131513
852 _aES-MaACL
_jF-1855
_z-- Rust.
856 _uhttp://bdh-rd.bne.es/viewer.vm?id=0000140172&page=1
_zBiblioteca Digital Hispánica
999 _c151782
_d151782